[Event "RUS-ch Seniors"]
[Site "Tula"]
[Date "2004.05.12"]
[Round "3"]
[White "Bobylev, Valentin"]
[Black "Zharkov, Alexander"]
[Result "0-1"]
[WhiteElo "2263"]
[BlackElo "2146"]
[PlyCount "86"]
[EventDate "2004.05.??"]
[EventType "swiss"]
[EventRounds "9"]
[EventCountry "RUS"]
[SourceTitle "EXT 2005"]
[Source "ChessBase"]
[SourceDate "2004.11.15"]
[SourceVersion "1"]
[SourceVersionDate "2004.11.15"]
[SourceQuality "1"]

1. e4 c6 2. d3 d5 3. Nd2 Nf6 4. Ngf3 Bg4 5. h3 Bxf3 6. Qxf3 e6 7. g3 Be7 8. Bg2 Nbd7 9. a3 Ne5 10. Qe2 dxe4 11. dxe4 0-0 12. f4 Ned7 13. 0-0 Nc5 14. Kh2 Qc7 15. e5 Nfd7 16. b4 Na4 17. Ne4 a5 18. Bd2 axb4 19. axb4 Nab6 20. Rab1 Ra2 21. c4 Rd8 22. c5 Nd5 23. Qd3 Rda8 24. Rf2 R2a3 25. Rb3 Rxb3 26. Qxb3 b5 27. Nd6 Qa7 28. Bxd5 exd5 29. Nf5 Nf8 30. Nd4 Qc7 31. f5 Ra4 32. Qe3 Bd8 33. h4 Nd7 34. Re2 Ra2 35. Kg2 h6 36. e6 Nf6 37. exf7+ Qxf7 38. Nxc6 Bc7 39. Qb3 Qh5 40. Qd3 Ra3 41. Bc3 Rxc3 42. Qxc3 Qxe2+ 43. Kg1 Ne4 0-1

[Event "RUS-ch Seniors"]
[Site "Tula"]
[Date "2004.05.11"]
[Round "2"]
[White "Zharkov, Alexander"]
[Black "Sanakoev, Grigory Konstantino"]
[Result "0-1"]
[WhiteElo "2146"]
[BlackElo "2288"]
[PlyCount "77"]
[EventDate "2004.05.??"]
[EventType "swiss"]
[EventRounds "9"]
[EventCountry "RUS"]
[SourceTitle "EXT 2005"]
[Source "ChessBase"]
[SourceDate "2004.11.15"]
[SourceVersion "1"]
[SourceVersionDate "2004.11.15"]
[SourceQuality "1"]

1. d4 Nf6 2. c4 e6 3. Nc3 Bb4 4. Qc2 c5 5. dxc5 Bxc5 6. Nf3 Nc6 7. Bg5 Qa5 8. Bxf6 gxf6 9. a3 Nd4 10. Nxd4 Bxd4 11. Rc1 f5 12. e3 Bg7 13. Be2 b6 14. 0-0 Bxc3 15. Qxc3 Qxc3 16. Rxc3 Ba6 17. Rfc1 Ke7 18. Bf3 Rab8 19. g3 Rhc8 20. Kf1 Rxc4 21. Rxc4 d5 22. Be2 dxc4 23. Ke1 b5 24. Kd2 Bb7 25. b3 cxb3 26. Rc7+ Kd6 27. Rxf7 Bd5 28. Rxa7 Rc8 29. Ra6+ Ke7 30. Bd3 b2 31. Rb6 Bc4 32. Bxc4 b1Q 33. Rxb5 Qg1 34. Rb7+ Kf6 35. Rb4 Qxf2+ 36. Kc3 Qxe3+ 37. Kb2 Rd8 38. Bb3 Rd2+ 39. Bc2 0-1

[Event "RUS-Cup"]
[Site "Tula"]
[Date "2001.??.??"]
[Round "6"]
[White "Manaenkov, Vladimir Nikolaevic"]
[Black "Zharkov, Alexander"]
[Result "0-1"]
[WhiteElo "2255"]
[BlackElo "2141"]
[PlyCount "121"]
[EventDate "2001.??.??"]
[EventType "swiss"]
[EventRounds "9"]
[EventCountry "RUS"]
[SourceTitle "EXT 2002"]
[Source "ChessBase"]
[SourceDate "2001.11.25"]
[SourceVersion "1"]
[SourceVersionDate "2001.11.25"]
[SourceQuality "1"]

1. d4 d5 2. c4 e6 3. Nc3 Nf6 4. Bg5 Be7 5. cxd5 exd5 6. e3 0-0 7. Bd3 h6 8. Bh4 Nbd7 9. Qc2 c6 10. Nge2 Re8 11. 0-0 Nf8 12. f3 N6h7 13. Bf2 Bh4 14. e4 Bxf2+ 15. Rxf2 dxe4 16. fxe4 Nf6 17. Raf1 Be6 18. Qd2 N8h7 19. h3 Rc8 20. e5 Nd5 21. Ne4 Rc7 22. Nd6 Ree7 23. Ng3 Red7 24. Bxh7+ Kxh7 25. Nge4 Kg8 26. a3 Qh4 27. Nc5 Re7 28. Qd3 Bc8 29. b4 b6 30. Nce4 Be6 31. Rc1 Nf4 32. Qf3 Ng6 33. Nf5 Bxf5 34. Qxf5 Re6 35. g3 Qd8 36. Nd6 Ree7 37. Rfc2 Qd7 38. Qxd7 Rexd7 39. Rxc6 Rxc6 40. Rxc6 Ne7 41. Rc2 f6 42. Kf2 fxe5 43. dxe5 Ng6 44. Rc8+ Kh7 45. Nc4 Re7 46. Ke3 Nxe5 47. Nxe5 Rxe5+ 48. Kd4 Rg5 49. g4 h5 50. gxh5 Rg3 51. Kc4 Rxa3 52. h4 Rh3 53. b5 Rxh4+ 54. Kb3 Rxh5 55. Kb4 Rh4+ 56. Kb3 Rh3+ 57. Kb4 Rh1 58. Rc2 Rd1 59. Rc7 Rb1+ 60. Ka4 Ra1+ 61. Kb4 0-1

[Event "RUS-Cup"]
[Site "Tula"]
[Date "2001.??.??"]
[Round "5"]
[White "Zharkov, Alexander"]
[Black "Akbaev, Kazbek"]
[Result "1-0"]
[WhiteElo "2141"]
[BlackElo "2209"]
[PlyCount "102"]
[EventDate "2001.??.??"]
[EventType "swiss"]
[EventRounds "9"]
[EventCountry "RUS"]
[SourceTitle "EXT 2002"]
[Source "ChessBase"]
[SourceDate "2001.11.25"]
[SourceVersion "1"]
[SourceVersionDate "2001.11.25"]
[SourceQuality "1"]

1. d4 Nf6 2. c4 c5 3. d5 b5 4. cxb5 a6 5. e3 d6 6. Nc3 Nbd7 7. bxa6 Bxa6 8. Bxa6 Rxa6 9. Nge2 g6 10. 0-0 Bg7 11. e4 0-0 12. Bg5 Ne5 13. Qc2 Qb6 14. a4 Qb4 15. f3 Rb8 16. Nb5 c4 17. Qd2 Rxa4 18. Rxa4 Qxa4 19. Nbc3 Qb4 20. Ra1 Nd3 21. Ra4 Qb3 22. Nd4 Qxb2 23. Nc6 Qb6+ 24. Be3 Qb1+ 25. Qd1 Qxd1+ 26. Nxd1 Rb1 27. Kf1 Rxd1+ 28. Ke2 h6 29. Ra8+ Kh7 30. Kxd1 Nd7 31. Kd2 f5 32. Ra7 N7c5 33. Rxe7 Nb3+ 34. Kd1 Kg8 35. Re6 f4 36. Bd2 Nb2+ 37. Kc2 Na4 38. Bxf4 g5 39. Bxd6 Na1+ 40. Kd1 Nb2+ 41. Ke2 c3 42. Re8+ Kh7 43. Nb4 Nc4 44. Bf8 Be5 45. Rc8 Nb6 46. Rc6 Nd7 47. Bd6 Bg7 48. Rc7 c2 49. Nxc2 Nxc2 50. Rxd7 Kg6 51. Kd2 Na1 1-0

[Event "RUS-Cup"]
[Site "Tula"]
[Date "2001.??.??"]
[Round "3"]
[White "Zharkov, Alexander"]
[Black "Smirnov, Alexander Y"]
[Result "1/2-1/2"]
[WhiteElo "2141"]
[BlackElo "2288"]
[PlyCount "98"]
[EventDate "2001.??.??"]
[EventType "swiss"]
[EventRounds "9"]
[EventCountry "RUS"]
[SourceTitle "EXT 2002"]
[Source "ChessBase"]
[SourceDate "2001.11.25"]
[SourceVersion "1"]
[SourceVersionDate "2001.11.25"]
[SourceQuality "1"]

1. d4 e5 2. dxe5 Nc6 3. Nf3 Qe7 4. Nc3 Nxe5 5. Nd5 Nxf3+ 6. gxf3 Qd8 7. Bf4 d6 8. c4 Be6 9. e4 Nf6 10. Qd4 Be7 11. Nxe7 Qxe7 12. Bg5 h6 13. Bxf6 Qxf6 14. Qxf6 gxf6 15. Bd3 0-0-0 16. Ke2 Rhe8 17. Kd2 c6 18. Rac1 Kb8 19. Rhg1 d5 20. exd5 cxd5 21. c5 Kc7 22. b4 a6 23. Rg3 d4 24. a4 Bb3 25. Rg7 Re5 26. Bc4 Bxc4 27. Rxc4 Re7 28. Rg4 Rde8 29. Rcxd4 Re2+ 30. Kd3 Rxf2 31. Rgf4 Rxh2 32. Rxf6 h5 33. b5 axb5 34. axb5 Rh1 35. b6+ Kc8 36. Re4 Rd1+ 37. Ke2 Rxe4+ 38. fxe4 Rc1 39. Rf5 h4 40. Kf2 h3 41. Kg3 Rc3+ 42. Kh2 f6 43. Rh5 Re3 44. Rh8+ Kd7 45. Rh7+ Kc6 46. Rc7+ Kb5 47. Rxb7 Kxc5 48. Rf7 Kxb6 49. Rxf6+ Kc5 1/2-1/2